| 000 | 00596nam a2200193 a 4500 | ||
|---|---|---|---|
| 005 | 20250527063813.0 | ||
| 008 | 010830s1998 es r 000 0 spa d | ||
| 020 | _a8475176208 | ||
| 035 | _aUPN01000110773 | ||
| 049 | _aCG | ||
| 050 | 4 |
_aPQ7084 _bC8.3 |
|
| 245 | 0 | 0 |
_aCuarenta años de poesía en el premio Casa de las Américas / _cselec. y notas de Caridad Tamayo Fernández. |
| 260 |
_aMadrid : _bHiperión, _c1998. |
||
| 300 | _a380 p. | ||
| 440 | 0 |
_aPoesía Hiperión ; _v346 |
|
| 650 | 2 |
_aPoesía Latinoamericana _91270 |
|
| 700 | 1 |
_aTamayo Fernández, Caridad, _ecomp. |
|
| 905 | _aLibro | ||
| 999 |
_c84682 _d84682 |
||